000 00521nam a2200217Ia 4500
005 20251020182537.0
008 200515s9999 xx 000 0 und d
082 _a725.2/J65
100 _aJOEDICKE, Jürgen
245 0 _aEdificios administrativos y de oficinas
260 _aBarcelona
260 _c1976
300 _a111
500 _a1 ejemplar
650 _aARQUITECTURA
650 _aDISEÑO ARQUITECTONICO
650 _aEDIFICIOS
650 _aEDIFICIOS ADMINISTRATIVOS
650 _aLIB
942 _cLIB
999 _c2273
_d2273